000 00763cam a2200265u 4500
001 22486
003 BD-RjUL
005 20211209000819.0
008 140308s1953 enk 000 0 eng d
035 _a(BD-RjUL)22551
040 _aDLC
_cCarP
_dDLC
_dBD-RjUL
_beng
041 _aeng
082 0 0 _a892.73
_bSCH 1953
245 1 0 _aSchenerazade :
_bTales From the Thousand and One Night /
260 _aLondon :
_c1953
_bGeorge Allen & Unwin Ltd,
300 _a221p. :
_bill. ;
_c21cm.
500 _aPhotocopy (negative) of copyists's ms.
500 _aFor 2 pianos and orchestra.
650 0 _aSchenerazade :
_969446
700 1 _aArberry, A. J
_969447
700 1 _aScott, Asgeir
_969448
942 _2ddc
_cBK
999 _c22486
_d22486